000
00257nam a2200121Ia 4500
008
140130s9999 xx 000 0 und d
245
_c
Lakin, Patricia
_a
Snow day
260
_b
Scholastic,
440
_v
1
521
_a
BR
942
_c
BK
999
_c
41554
_d
41554